00331 a2200109 4500001001000000005001700010008004100027245004200068100002900110773006500139999001700204ART_1292020260410161909.0260409a 10aLas siete perspectivas del "soulware"1 aMarchione, Julio César0 tCostos y gestióng- Año 15, Nº 58 (dic. 2005)wREV12786 c26676d26676